| 000 | 01020cam a2200325 i 4500 | ||
|---|---|---|---|
| 001 | bg | ||
| 003 | KOSZ 005 | ||
| 005 | 20200505094943.0 | ||
| 008 | 970905s1997 pl f f |000 0 pol | ||
| 020 | _a8386218975 | ||
| 040 |
_cKOSZ 005/HR _aWA N _dKOSZ 005/HR |
||
| 080 | _a336.748 | ||
| 080 | _a336.72 | ||
| 080 | _a336.77 | ||
| 080 | _a336.78 | ||
| 080 | _a(07) | ||
| 100 | 1 |
_aBień, Andrzej _c(ekonomista) _eAutor |
|
| 245 | 1 | 0 |
_aKalkulacja ceny pieniądza w lokatach, pożyczkach i kredytach : _b(zasady i tablice procentowe) / _cAndrzej Bień, Witold Bień. |
| 260 |
_aWarszawa : _bDifin, _c1997. |
||
| 300 |
_a187 s. ; _c21 cm. |
||
| 650 | 4 | _aLokata. | |
| 650 | 4 | _aPieniądz | |
| 650 | 4 | _aProcent | |
| 655 | 4 | _aTablice i wzory | |
| 655 | 4 | _aPoradnik | |
| 650 | 4 | _aKredyt | |
| 700 | 1 |
_aBień, Witold _d(1927-2018) _eAutor |
|
| 856 |
_uhttp://koha.tu.koszalin.pl/cgi-bin/koha/opac-detail.pl?biblionumber=32166 _yKatalog online BPK |
||
| 942 |
_cKS _2UKD |
||
| 999 |
_c32166 _d32166 |
||